[Event "Cabin Fever II"]
[Site "Toronto, CAN"]
[Date "2001.02.14"]
[Round "1"]
[White "Catona, Dan"]
[Black "Capes, Tim"]
[Result "1-0"]
[WhiteElo "1948"]
[BlackElo "1547"]
[PlyCount "61"]
[GameId "2160767911610460"]
[EventDate "2001.02.14"]
[EventType "swiss"]
[EventRounds "6"]
[EventCountry "CAN"]

1. b3 e6 2. Bb2 Nf6 3. Nf3 g6 4. e4 Nc6 5. e5 Nd5 6. g3 Bc5 7. a3 a6 8. c4 Nde7 9. d4 Ba7 10. Nc3 Nf5 11. Ne4 d6 12. Nf6+ Ke7 13. g4 dxe5 14. gxf5 Kxf6 15. dxe5+ Ke7 16. f6+ Ke8 17. Qc2 Nd4 18. Nxd4 Bxd4 19. Rd1 c5 20. b4 Qc7 21. Bxd4 cxd4 22. f4 Qb6 23. c5 Qc6 24. Bg2 Qb5 25. Rxd4 Bd7 26. a4 Qxa4 27. Qxa4 Bxa4 28. Bxb7 Rb8 29. c6 Bxc6 30. Bxc6+ Kf8 31. Kf2 1-0

[Event "Cabin Fever II"]
[Site "Toronto, CAN"]
[Date "2001.02.14"]
[Round "1"]
[White "Dutton, Warren"]
[Black "Stala, Henryk"]
[Result "1-0"]
[WhiteElo "2027"]
[BlackElo "1615"]
[PlyCount "35"]
[GameId "2160767911610461"]
[EventDate "2001.02.14"]
[EventType "swiss"]
[EventRounds "6"]
[EventCountry "CAN"]

1. e4 c5 2. Nc3 Nc6 3. f4 e6 4. Nf3 d6 5. a3 g6 6. d4 cxd4 7. Nxd4 Bg7 8. Ndb5 Bxc3+ 9. bxc3 d5 10. e5 a6 11. Nd6+ Kf8 12. Bd3 Nge7 13. O-O Nf5 14. Bxf5 gxf5 15. Qh5 Qe7 16. Qh6+ Kg8 17. Rf3 f6 18. Rg3+ 1-0

[Event "Cabin Fever II"]
[Site "Toronto, CAN"]
[Date "2001.02.14"]
[Round "1"]
[White "Shah, Omar"]
[Black "Barabas, Istvan"]
[Result "1-0"]
[WhiteElo "1863"]
[BlackElo "1487"]
[PlyCount "67"]
[GameId "2160767911610462"]
[EventDate "2001.02.14"]
[EventType "swiss"]
[EventRounds "6"]
[EventCountry "CAN"]

1. e4 e5 2. Nf3 Nc6 3. Bc4 Bc5 4. b4 Bxb4 5. c3 Bd6 6. d4 exd4 7. cxd4 Bb4+ 8. Nbd2 Bc3 9. Rb1 Nxd4 10. O-O Nxf3+ 11. Qxf3 Qf6 12. Qg3 Bxd2 13. Bxd2 d6 14. Bc3 Qg6 15. Qxg6 hxg6 16. Bxg7 Rh7 17. Bd4 c5 18. Be3 Ne7 19. e5 d5 20. Bb5+ Bd7 21. Bxd7+ Kxd7 22. Rxb7+ Ke6 23. Bxc5 Nc6 24. Rc7 Na5 25. Re7+ Kf5 26. f3 Rah8 27. Be3 g5 28. h3 Nc4 29. Bd4 Rh4 30. Rxf7+ Kg6 31. Rf6+ Kh7 32. Bf2 Rf4 33. Ra6 Rf7 34. e6 1-0

[Event "Calgary"]
[Site "Calgary CAN"]
[Date "2001.09.04"]
[Round "?"]
[White "MacFarlane, Donald"]
[Black "Stainer, Joel"]
[Result "1-0"]
[WhiteElo "1577"]
[BlackElo "1549"]
[PlyCount "124"]
[GameId "2160767911627351"]
[EventDate "2001.??.??"]
[EventCountry "CAN"]

1. e4 d5 2. exd5 Nf6 3. Nf3 Qxd5 4. Nc3 Qa5 5. Bc4 Bg4 6. d3 e6 7. Bd2 c6 8. Nd5 Qd8 9. Ne3 Bh5 10. Qe2 Nbd7 11. Nf5 g6 12. Nh6 Bxf3 13. Qxf3 Ne5 14. Qf4 Bd6 15. Qd4 Nxc4 16. dxc4 e5 17. Qh4 Ng8 18. Bg5 Be7 19. Rd1 Qc7 20. Nxg8 Bxg5 21. Nf6+ Bxf6 22. Qxf6 Rg8 23. O-O Qe7 24. Rd6 Qxf6 25. Rxf6 Ke7 26. Rf3 Rad8 27. Rd3 e4 28. Re1 f5 29. f3 Kf6 30. fxe4 fxe4 31. Rxe4 Kf5 32. Red4 Rxd4 33. Rxd4 Rg7 34. c5 Ke5 35. Ra4 a6 36. Kf2 Rd7 37. Ke3 Rd1 38. Rb4 Re1+ 39. Kd3 Rd1+ 40. Kc3 Rd7 41. Rg4 Kf5 42. Rd4 Re7 43. Kd3 h5 44. g3 Re5 45. Rf4+ Kg5 46. h4+ Kh6 47. b4 Rd5+ 48. Rd4 Rf5 49. Ke3 Rf7 50. a4 Rf1 51. Rd7 Rc1 52. Rxb7 Rxc2 53. Rb6 Rc3+ 54. Kf4 Rc4+ 55. Ke5 Rc3 56. Rxc6 Rxg3 57. Rxa6 Rh3 58. c6 Rxh4 59. c7 Rc4 60. Kd6 h4 61. Rc6 h3 62. Rxc4 h2 1-0

[Event "Calgary op"]
[Site "Calgary CAN"]
[Date "2001.10.16"]
[Round "1"]
[White "Ibach, Horst"]
[Black "Pivovarov, Juraj"]
[Result "0-1"]
[WhiteElo "1424"]
[BlackElo "1823"]
[PlyCount "92"]
[GameId "2160767911484980"]
[EventDate "2001.10.28"]
[EventType "swiss"]
[EventRounds "6"]
[EventCountry "CAN"]

1. e4 e6 2. d4 a6 3. e5 b5 4. Nf3 Bb7 5. a3 c5 6. Nc3 Qc7 7. d5 b4 8. d6 Qa5 9. Ne2 g6 10. Bd2 Qb6 11. axb4 cxb4 12. Be3 Qd8 13. Ned4 Bg7 14. g3 Bxe5 15. Bg2 Bxd6 16. O-O Bf8 17. Re1 Bg7 18. Ng5 Bxg2 19. Kxg2 Ne7 20. Qf3 O-O 21. Qxa8 Nd5 22. Qa7 Nxe3+ 23. Rxe3 Qxg5 24. Nf3 Qf5 25. Nd4 Qd5+ 26. Nf3 Bxb2 27. Rb1 Nc6 28. Qxa6 Bd4 29. Rd3 Ne5 30. Rxd4 Qxf3+ 31. Kg1 Ng4 32. Rxg4 Qxg4 33. Qa4 Rc8 34. Rxb4 Qd1+ 35. Kg2 Rxc2 36. Rb8+ Kg7 37. Rc8 Rxf2+ 38. Kxf2 Qxa4 39. Rd8 d5 40. Rc8 d4 41. Rd8 Qc2+ 42. Kg1 d3 43. Kf1 Qe2+ 44. Kg1 d2 45. Rxd2 Qxd2 46. h4 Kf6 0-1

[Event "Calgary op"]
[Site "Calgary CAN"]
[Date "2001.10.30"]
[Round "3"]
[White "Campbell, Steven"]
[Black "Pivovarov, Juraj"]
[Result "0-1"]
[WhiteElo "1500"]
[BlackElo "1823"]
[PlyCount "112"]
[GameId "2160767911484981"]
[EventDate "2001.10.28"]
[EventType "swiss"]
[EventRounds "6"]
[EventCountry "CAN"]

1. Nf3 Nf6 2. c4 c5 3. Nc3 Nc6 4. g3 g6 5. Bg2 Bg7 6. O-O O-O 7. e4 a6 8. Rb1 Rb8 9. d3 b5 10. Bf4 d6 11. e5 Ne8 12. exd6 Nxd6 13. Re1 Bg4 14. cxb5 axb5 15. Qd2 Qd7 16. Ng5 Nd4 17. h3 Be6 18. Nce4 Nxe4 19. Nxe4 Rbc8 20. b3 Bxh3 21. Bh6 Bxg2 22. Kxg2 f5 23. Bxg7 Kxg7 24. Ng5 Qd5+ 25. f3 e5 26. Rh1 Rh8 27. Rbf1 h6 28. Nh3 Rce8 29. Rf2 e4 30. Nf4 exf3+ 31. Kf1 Qe5 32. Qd1 g5 33. Nh5+ Kf7 34. Qa1 Re6 35. Rd2 Rhe8 36. Rhh2 Qe1+ 37. Qxe1 Rxe1+ 38. Kf2 R8e2+ 39. Rxe2 Rxe2+ 40. Kg1 Rxh2 41. Kxh2 Ne2 42. a4 bxa4 43. bxa4 Nc3 44. a5 Kg6 45. a6 Nb5 46. g4 fxg4 47. Ng3 Kf6 48. Ne4+ Ke5 49. Nxc5 Kd4 50. Ne6+ Kxd3 51. Kg1 Ke2 52. Nd4+ Nxd4 53. a7 f2+ 54. Kh2 f1=Q 55. a8=Q Nf3+ 56. Qxf3+ Qxf3 0-1

[Event "Calgary op"]
[Site "Calgary CAN"]
[Date "2001.11.20"]
[Round "6"]
[White "Pivovarov, Juraj"]
[Black "Borowski, Ted"]
[Result "1-0"]
[WhiteElo "1843"]
[BlackElo "1572"]
[PlyCount "49"]
[GameId "2160767911484982"]
[EventDate "2001.10.28"]
[EventType "swiss"]
[EventRounds "6"]
[EventCountry "CAN"]

1. e4 d5 2. exd5 Qxd5 3. Nc3 Qa5 4. d4 e6 5. Nf3 Nf6 6. Bd2 Qb6 7. Bc4 Bd7 8. O-O c6 9. Re1 Bb4 10. d5 Ng4 11. Qe2 O-O 12. dxe6 Bc8 13. exf7+ Kh8 14. Ne5 Qd4 15. Nf3 Qd8 16. Qe4 Qb6 17. Be3 Nxe3 18. Rxe3 Nd7 19. Ne5 Nf6 20. Qh4 Bf5 21. Ne4 Qd4 22. Bd3 Rad8 23. Qf4 Bxe4 24. Rxe4 Nxe4 25. Ng6+ 1-0

[Event "Calgary-Tch"]
[Site "Calgary CAN"]
[Date "2001.04.17"]
[Round "1"]
[White "Miller, Brian"]
[Black "Pivovarov, Juraj"]
[Result "0-1"]
[WhiteElo "1840"]
[BlackElo "1780"]
[PlyCount "46"]
[GameId "2160767911564949"]
[EventDate "2001.04.17"]
[EventType "team"]
[EventRounds "5"]
[EventCountry "CAN"]

1. d4 Nf6 2. c4 g6 3. Nc3 d5 4. cxd5 Nxd5 5. Nxd5 Qxd5 6. Nf3 Bg7 7. Bf4 O-O 8. Bxc7 Na6 9. Be5 Bf5 10. Bxg7 Kxg7 11. e3 Nb4 12. Rc1 Rac8 13. Be2 Nd3+ 14. Bxd3 Rxc1 15. Qxc1 Rc8 16. Qd1 Bxd3 17. Kd2 Ba6 18. Qa4 Rc4 19. Qa3 Qc6 20. Rb1 Rc2+ 21. Kd1 Be2+ 22. Ke1 Bxf3 23. gxf3 Qc4 0-1

[Event "Calgary-Tch"]
[Site "Calgary CAN"]
[Date "2001.04.24"]
[Round "2"]
[White "Pivovarov, Juraj"]
[Black "Robertson, Archie"]
[Result "1-0"]
[WhiteElo "1780"]
[BlackElo "1850"]
[PlyCount "79"]
[GameId "2160767911564950"]
[EventDate "2001.04.17"]
[EventType "team"]
[EventRounds "5"]
[EventCountry "CAN"]

1. c4 b6 2. e4 Bb7 3. Nc3 e6 4. d3 Bb4 5. Nge2 Ne7 6. a3 Bxc3+ 7. Nxc3 d5 8. Bf4 c5 9. Nb5 Na6 10. Nd6+ Kf8 11. Nxb7 Qd7 12. Nd6 Ng6 13. Bg3 Nc7 14. Qf3 e5 15. Qxf7+ Qxf7 16. Nxf7 Kxf7 17. exd5 Rad8 18. O-O-O Rd7 19. Be2 b5 20. Bh5 bxc4 21. dxc4 Re8 22. Rhe1 Kf6 23. Rd3 Na8 24. Bxg6 Kxg6 25. Rxe5 Rxe5 26. Bxe5 Nb6 27. b3 Kf5 28. f4 Ke4 29. Kd2 Kf5 30. Rg3 Nxd5 31. Rxg7 Rxg7 32. Bxg7 Nxf4 33. g3 Ne6 34. Bh6 Nd4 35. b4 cxb4 36. axb4 a5 37. Kd3 Nc6 38. b5 Ne5+ 39. Kc3 Ke6 40. Bf4 1-0

[Event "Calgary-Tch"]
[Site "Calgary CAN"]
[Date "2001.05.01"]
[Round "3"]
[White "Hudson, Richard"]
[Black "Pivovarov, Juraj"]
[Result "1-0"]
[WhiteElo "1770"]
[BlackElo "1780"]
[PlyCount "83"]
[GameId "2160767911564951"]
[EventDate "2001.04.17"]
[EventType "team"]
[EventRounds "5"]
[EventCountry "CAN"]

1. e4 c5 2. Nf3 g6 3. d4 Bg7 4. Bc4 cxd4 5. Nxd4 Nc6 6. Be3 d6 7. Nc3 Nf6 8. f3 O-O 9. Qd2 Bd7 10. O-O-O Rc8 11. Bb3 a6 12. h4 Na5 13. Bh6 Nxb3+ 14. Nxb3 Qc7 15. Bxg7 Kxg7 16. h5 Be6 17. hxg6 fxg6 18. Nd4 Bg8 19. Qg5 b5 20. Nf5+ Kf7 21. Nh6+ Ke8 22. Nxg8 Rxg8 23. Qd2 Qc4 24. g4 b4 25. Nb1 b3 26. axb3 Qxb3 27. Nc3 Qb4 28. Nd5 Nxd5 29. Qxd5 Rg7 30. Rxh7 Rxh7 31. Qg8+ Kd7 32. Qxh7 Qb3 33. Rd2 Qa4 34. c3 Rb8 35. Kb1 Qc4 36. Qg7 Qf1+ 37. Kc2 Qb5 38. b4 Qa4+ 39. Kd3 Qb5+ 40. Ke3 Qg5+ 41. Ke2 a5 42. Rd5 1-0

[Event "Calgary-Tch"]
[Site "Calgary CAN"]
[Date "2001.05.15"]
[Round "5"]
[White "Pivovarov, Juraj"]
[Black "Kuwair, Martin"]
[Result "1-0"]
[WhiteElo "1772"]
[BlackElo "1796"]
[PlyCount "83"]
[GameId "2160767911564953"]
[EventDate "2001.04.17"]
[EventType "team"]
[EventRounds "5"]
[EventCountry "CAN"]

1. c4 e5 2. g3 Bc5 3. Bg2 Qf6 4. e3 Nh6 5. Nc3 Nc6 6. a3 a6 7. Nd5 Qd8 8. b4 Be7 9. Bb2 d6 10. Ne2 Bg4 11. h3 Bh5 12. O-O O-O 13. Rc1 f5 14. f4 Rb8 15. b5 axb5 16. cxb5 Na7 17. Nxc7 Bf7 18. fxe5 dxe5 19. Bxe5 Bd6 20. Bxd6 Qxd6 21. a4 Rbc8 22. Qc2 Be6 23. Nf4 Bd7 24. Bxb7 Rcd8 25. Bd5+ Nf7 26. Qc5 Nc8 27. Qxd6 Ncxd6 28. Nce6 Ne4 29. Nxd8 Rxd8 30. Bxe4 fxe4 31. Rc4 Bf5 32. g4 Ne5 33. Rd4 Bd7 34. Rxe4 Re8 35. Kg2 Bc8 36. Kg3 Bb7 37. Rd4 Rf8 38. Rf2 h6 39. Ne6 Re8 40. Rd8 Rxd8 41. Nxd8 Bd5 42. Rf5 1-0

[Event "Canada Day op"]
[Site "Calgary CAN"]
[Date "2001.06.30"]
[Round "1"]
[White "Green, John"]
[Black "Pivovarov, Juraj"]
[Result "1-0"]
[WhiteElo "1650"]
[BlackElo "1795"]
[PlyCount "63"]
[GameId "2160767911564440"]
[EventDate "2001.06.30"]
[EventType "swiss"]
[EventRounds "5"]
[EventCountry "CAN"]
[SourceTitle "EXT 2005"]
[Source "ChessBase"]
[SourceDate "2004.11.15"]
[SourceVersion "1"]
[SourceVersionDate "2004.11.15"]
[SourceQuality "1"]

1. d4 Nf6 2. Nf3 d5 3. e3 Bf5 4. c4 e6 5. Nc3 c6 6. Bd3 Nbd7 7. Bxf5 exf5 8. Qb3 Qb6 9. cxd5 Qxb3 10. axb3 Nxd5 11. O-O Bd6 12. Bd2 O-O 13. Nxd5 cxd5 14. Rfc1 a6 15. b4 Rfc8 16. b3 b5 17. g3 Rc7 18. Rxc7 Bxc7 19. Rc1 Bd6 20. Rc6 Bf8 21. Rc7 Rd8 22. Ra7 Nb8 23. Ne5 f6 24. Nd3 Bd6 25. Nc5 Rc8 26. Kf1 Bxc5 27. bxc5 Kf8 28. Ba5 Nc6 29. Rxa6 Nxa5 30. Rxa5 Rb8 31. Ra6 Rb7 32. Rb6 1-0

[Event "Canada Day op"]
[Site "Calgary CAN"]
[Date "2001.06.30"]
[Round "2"]
[White "Pivovarov, Juraj"]
[Black "Miller, Chris"]
[Result "1-0"]
[WhiteElo "1795"]
[BlackElo "1500"]
[PlyCount "83"]
[GameId "2160767911564441"]
[EventDate "2001.06.30"]
[EventType "swiss"]
[EventRounds "5"]
[EventCountry "CAN"]
[SourceTitle "EXT 2005"]
[Source "ChessBase"]
[SourceDate "2004.11.15"]
[SourceVersion "1"]
[SourceVersionDate "2004.11.15"]
[SourceQuality "1"]

1. e4 c6 2. d4 d5 3. e5 Bf5 4. f4 e6 5. Nf3 Nd7 6. Bd3 Bxd3 7. Qxd3 c5 8. O-O cxd4 9. Nxd4 Nc5 10. Qh3 Rc8 11. Be3 Ne7 12. Nc3 Nc6 13. f5 Nxd4 14. Bxd4 Rc6 15. Qf3 Qd7 16. Rf2 exf5 17. Nxd5 Ne4 18. e6 Qxd5 19. exf7+ Qxf7 20. Re1 Re6 21. Qxf5 Qxf5 22. Rxf5 Kd7 23. Rf7+ Be7 24. Rxg7 Ng5 25. Rxe7+ Kxe7 26. Rxe6+ Nxe6 27. Bxh8 Kf7 28. Kf2 Ng7 29. Bxg7 Kxg7 30. Kf3 Kg6 31. c4 h6 32. g4 Kg5 33. c5 a6 34. b4 Kf6 35. h4 Kg6 36. a4 Kf6 37. b5 axb5 38. axb5 Ke6 39. c6 bxc6 40. bxc6 Kd6 41. c7 Kxc7 42. Kf4 1-0

[Event "Canada Day op"]
[Site "Calgary CAN"]
[Date "2001.06.30"]
[Round "3"]
[White "Sun, Kevin M"]
[Black "Pivovarov, Juraj"]
[Result "0-1"]
[WhiteElo "1400"]
[BlackElo "1795"]
[PlyCount "94"]
[GameId "2160767911564442"]
[EventDate "2001.06.30"]
[EventType "swiss"]
[EventRounds "5"]
[EventCountry "CAN"]
[SourceTitle "EXT 2005"]
[Source "ChessBase"]
[SourceDate "2004.11.15"]
[SourceVersion "1"]
[SourceVersionDate "2004.11.15"]
[SourceQuality "1"]

1. e4 e6 2. d4 d5 3. exd5 exd5 4. c4 Nf6 5. Nc3 Bb4 6. Qc2 O-O 7. Bd3 dxc4 8. Bxc4 Qxd4 9. Bd3 Re8+ 10. Nge2 Nc6 11. O-O Qh4 12. Bf4 Bxc3 13. Qxc3 Nd5 14. Qc1 Nxf4 15. Nxf4 Qg5 16. Qc4 Be6 17. Qe4 g6 18. Nxe6 Rxe6 19. Qf3 Rae8 20. Bc4 Ne5 21. Qb3 Nxc4 22. Qxc4 Qa5 23. b4 Qe5 24. Rab1 Ra6 25. b5 Rae6 26. a4 c6 27. h3 Qf5 28. a5 c5 29. a6 b6 30. Rbd1 Re4 31. Qc3 Rb4 32. Rfe1 Rxe1+ 33. Rxe1 Rb1 34. Kh2 Qf4+ 35. Kg1 Qe4 36. Rc1 Rxb5 37. Re1 Rb1 38. Rc1 Rxc1+ 39. Qxc1 c4 40. Qd2 Qe7 41. Qd4 Qc5 42. Qe4 c3 43. Qa8+ Kg7 44. Qxa7 c2 45. Qb7 c1=Q+ 46. Kh2 Qf4+ 47. Kh1 Qcc1# 0-1

[Event "Canada Day op"]
[Site "Calgary CAN"]
[Date "2001.07.01"]
[Round "4"]
[White "Pivovarov, Juraj"]
[Black "Podalchuk, Nick"]
[Result "1-0"]
[WhiteElo "1795"]
[BlackElo "1700"]
[PlyCount "43"]
[GameId "2160767911564443"]
[EventDate "2001.06.30"]
[EventType "swiss"]
[EventRounds "5"]
[EventCountry "CAN"]
[SourceTitle "EXT 2005"]
[Source "ChessBase"]
[SourceDate "2004.11.15"]
[SourceVersion "1"]
[SourceVersionDate "2004.11.15"]
[SourceQuality "1"]

1. c4 e5 2. g3 Bc5 3. Nc3 a6 4. Bg2 Ne7 5. Nf3 d6 6. O-O Nbc6 7. a3 h6 8. e3 f5 9. d4 exd4 10. exd4 Bb6 11. Be3 O-O 12. Qc2 Ng6 13. Nd5 Nce7 14. Nxb6 cxb6 15. Qb3 Kh8 16. d5 b5 17. cxb5 f4 18. Bd4 axb5 19. Qd3 Bd7 20. Bc3 Qb6 21. Qd2 fxg3 22. Qxh6+ 1-0

[Event "Canada Day op"]
[Site "Calgary CAN"]
[Date "2001.07.01"]
[Round "5"]
[White "Yearwood, Roy"]
[Black "Pivovarov, Juraj"]
[Result "1-0"]
[WhiteElo "2112"]
[BlackElo "1795"]
[PlyCount "61"]
[GameId "2160767911564444"]
[EventDate "2001.06.30"]
[EventType "swiss"]
[EventRounds "5"]
[EventCountry "CAN"]
[SourceTitle "EXT 2005"]
[Source "ChessBase"]
[SourceDate "2004.11.15"]
[SourceVersion "1"]
[SourceVersionDate "2004.11.15"]
[SourceQuality "1"]

1. c4 c5 2. Nc3 Nc6 3. g3 g6 4. b3 Bg7 5. Bb2 a6 6. Bg2 Rb8 7. Qc1 Nf6 8. Nd5 O-O 9. h4 Nb4 10. Nxf6+ exf6 11. h5 Re8 12. Qc3 d5 13. cxd5 Bf5 14. Kf1 b6 15. hxg6 Bxg6 16. Qf3 Be4 17. Qh5 Bg6 18. Qh4 Nxd5 19. Nh3 Re6 20. Rd1 Nb4 21. Nf4 Rd6 22. d3 Qe7 23. a3 Nc6 24. Nd5 Qe6 25. e4 Ne7 26. Bh3 Nf5 27. Qf4 Bh6 28. Bxf5 Bxf4 29. Bxe6 fxe6 30. Nxf6+ Kf7 31. gxf4 1-0

[Event "Canada Day op"]
[Site "Toronto CAN"]
[Date "2001.06.30"]
[Round "1"]
[White "Buscar, Michael"]
[Black "Williams, Mike"]
[Result "1-0"]
[WhiteElo "2132"]
[BlackElo "2001"]
[PlyCount "87"]
[GameId "2160767911564423"]
[EventDate "2001.07.01"]
[EventType "swiss"]
[EventRounds "6"]
[EventCountry "CAN"]
[SourceTitle "EXT 2005"]
[Source "ChessBase"]
[SourceDate "2004.11.15"]
[SourceVersion "1"]
[SourceVersionDate "2004.11.15"]
[SourceQuality "1"]

1. d4 Nf6 2. c4 e6 3. Nc3 Bb4 4. Nf3 O-O 5. e3 d5 6. Bd3 c5 7. O-O Nc6 8. a3 Bxc3 9. bxc3 dxc4 10. Bxc4 Qc7 11. Bd3 e5 12. dxe5 Nxe5 13. Nxe5 Qxe5 14. Qc2 Be6 15. f4 Qc7 16. e4 c4 17. Be2 Bg4 18. Bf3 Rfe8 19. Be3 Bxf3 20. gxf3 Nd5 21. Qd2 Nxe3 22. Qxe3 Re6 23. Rab1 b6 24. Rfd1 Rh6 25. Rb2 Rc8 26. Rbd2 Rh4 27. Rd7 Qb8 28. e5 h6 29. R1d4 Re8 30. Rxc4 g5 31. Qd3 Rxf4 32. Rxf4 gxf4 33. e6 Rf8 34. exf7+ Kg7 35. Qd4+ Kh7 36. Qe4+ Kg7 37. Qd5 Qc8 38. c4 Qc5+ 39. Qxc5 bxc5 40. Rxa7 Kf6 41. a4 Ke5 42. Rd7 Ra8 43. Re7+ Kd4 44. Re8 1-0

[Event "Canada Day op"]
[Site "Toronto CAN"]
[Date "2001.06.30"]
[Round "1"]
[White "Dutton, Warren"]
[Black "Brajovic, Spasoje"]
[Result "0-1"]
[WhiteElo "1899"]
[BlackElo "2080"]
[PlyCount "108"]
[GameId "2160767911564424"]
[EventDate "2001.07.01"]
[EventType "swiss"]
[EventRounds "6"]
[EventCountry "CAN"]
[SourceTitle "EXT 2005"]
[Source "ChessBase"]
[SourceDate "2004.11.15"]
[SourceVersion "1"]
[SourceVersionDate "2004.11.15"]
[SourceQuality "1"]

1. e4 c5 2. Nc3 Nc6 3. g3 g6 4. Bg2 Bg7 5. d3 Nf6 6. h3 O-O 7. Be3 d6 8. Qd2 Re8 9. Nge2 a6 10. O-O Qc7 11. a4 Rb8 12. f4 e6 13. Kh2 b5 14. axb5 axb5 15. g4 b4 16. Nd1 Nd7 17. Ng3 Nd4 18. Bxd4 cxd4 19. Ra4 Qb6 20. b3 Nc5 21. Ra2 Bd7 22. Nb2 Ra8 23. Rfa1 Rxa2 24. Rxa2 Rb8 25. Qc1 Qc7 26. Bf3 Nxb3 27. Qd1 Nc5 28. Kg2 Bh6 29. g5 Bg7 30. h4 b3 31. cxb3 Rxb3 32. Ra8+ Bf8 33. Qc2 Qb7 34. Ra2 Rc3 35. Qd1 e5 36. f5 Bb5 37. Ne2 Nxd3 38. Nxc3 Nf4+ 39. Kg3 dxc3 40. Na4 Bxa4 41. Qxa4 Qb6 42. Rf2 Qe3 43. fxg6 hxg6 44. Qd1 d5 45. Qc2 Bc5 46. Rf1 d4 47. Kh2 Bb4 48. Qb3 Qd2+ 49. Kg3 c2 50. Qc4 Qc3 51. Qxc3 Bxc3 52. Rc1 d3 53. Bd1 Ne2+ 54. Bxe2 dxe2 0-1

[Event "Canada Day op"]
[Site "Toronto CAN"]
[Date "2001.06.30"]
[Round "1"]
[White "Haziprodromu, Sam"]
[Black "Mitrovic, Bojana"]
[Result "0-1"]
[WhiteElo "2002"]
[BlackElo "2157"]
[PlyCount "64"]
[GameId "2160767911564425"]
[EventDate "2001.07.01"]
[EventType "swiss"]
[EventRounds "6"]
[EventCountry "CAN"]
[SourceTitle "EXT 2005"]
[Source "ChessBase"]
[SourceDate "2004.11.15"]
[SourceVersion "1"]
[SourceVersionDate "2004.11.15"]
[SourceQuality "1"]

1. Nf3 g6 2. g3 Bg7 3. Bg2 Nf6 4. O-O O-O 5. d3 d5 6. Nbd2 c5 7. e4 Nc6 8. Re1 e5 9. exd5 Nxd5 10. Nc4 Re8 11. a4 h6 12. Nfd2 Be6 13. Ne4 b6 14. a5 Rb8 15. axb6 axb6 16. c3 f5 17. Ned6 Re7 18. Nb5 Rd7 19. Qe2 Nde7 20. d4 cxd4 21. cxd4 e4 22. Bf4 Nxd4 23. Nxd4 Rxd4 24. Bxb8 Bxc4 25. Qc2 Qxb8 26. f3 Bd3 27. Qb3+ Kh7 28. Qe6 Qd8 29. fxe4 Bc4 30. Ra8 Qc7 31. exf5 Bxe6 32. fxe6 Rd2 0-1

[Event "Canada Day op"]
[Site "Toronto CAN"]
[Date "2001.06.30"]
[Round "1"]
[White "Vaingorten, Yaaqov"]
[Black "Rolfe, Warrick"]
[Result "0-1"]
[WhiteElo "2309"]
[BlackElo "2075"]
[PlyCount "118"]
[GameId "2160767911564426"]
[EventDate "2001.07.01"]
[EventType "swiss"]
[EventRounds "6"]
[EventCountry "CAN"]
[SourceTitle "EXT 2005"]
[Source "ChessBase"]
[SourceDate "2004.11.15"]
[SourceVersion "1"]
[SourceVersionDate "2004.11.15"]
[SourceQuality "1"]

1. d4 Nf6 2. c4 g6 3. Nc3 Bg7 4. e4 d6 5. Nf3 O-O 6. Be2 e5 7. O-O Nc6 8. d5 Ne7 9. Ne1 Nd7 10. f3 f5 11. g4 Kh8 12. Ng2 f4 13. h4 h6 14. Bd2 a5 15. a3 Nc5 16. Na4 Nxa4 17. Qxa4 Bd7 18. Qc2 c5 19. b4 cxb4 20. axb4 axb4 21. Rxa8 Qxa8 22. Qb3 Qa7+ 23. Kh1 Ra8 24. Qxb4 Nc8 25. Bc3 Qa2 26. Bd3 Qa3 27. Rb1 b6 28. Qb2 Qxb2 29. Bxb2 Kg8 30. Kg1 Kf7 31. Kf1 Bf6 32. Ke2 Bd8 33. Kd1 h5 34. g5 Bc7 35. Ne1 Ke8 36. Bf1 Ra4 37. Kc2 Ra7 38. Nd3 Ba4+ 39. Kd2 Bd7 40. Nf2 Ra5 41. Nd3 Ke7 42. Kc2 Ra7 43. Kc1 Ra4 44. Nf2 Ra2 45. Kd2 b5 46. cxb5 Bb6 47. Nd3 Bxb5 48. Bh3 Be3+ 49. Kc3 Nb6 50. Rd1 Bxd3 51. Rxd3 Bd4+ 52. Rxd4 exd4+ 53. Kb3 d3 54. Bf1 d2 55. Be2 Rxb2+ 56. Kxb2 Nc4+ 57. Kc3 Ne3 58. Kd4 Ng2 59. Kd3 Ne3 0-1

[Event "Canada Day op"]
[Site "Toronto CAN"]
[Date "2001.06.30"]
[Round "2"]
[White "Rolfe, Warrick"]
[Black "Buscar, Michael"]
[Result "1/2-1/2"]
[WhiteElo "2075"]
[BlackElo "2132"]
[PlyCount "89"]
[GameId "2160767911564427"]
[EventDate "2001.07.01"]
[EventType "swiss"]
[EventRounds "6"]
[EventCountry "CAN"]
[SourceTitle "EXT 2005"]
[Source "ChessBase"]
[SourceDate "2004.11.15"]
[SourceVersion "1"]
[SourceVersionDate "2004.11.15"]
[SourceQuality "1"]

1. e4 c5 2. Nf3 Nc6 3. g3 g6 4. Bg2 Bg7 5. O-O e6 6. d3 Nge7 7. Nbd2 O-O 8. Re1 d6 9. a4 b6 10. Nc4 Bb7 11. c3 Qd7 12. a5 b5 13. a6 Bc8 14. Ne3 Rb8 15. h4 Rb6 16. h5 b4 17. d4 cxd4 18. cxd4 Rxa6 19. Rxa6 Bxa6 20. hxg6 fxg6 21. d5 exd5 22. Nxd5 Kh8 23. Qa4 Qb7 24. Nxe7 Nxe7 25. Bf4 Nc8 26. Ng5 Qb5 27. Qxb5 Bxb5 28. Ne6 Rf7 29. Nxg7 Kxg7 30. Rd1 Re7 31. Rc1 Bd7 32. Bd2 b3 33. Bb4 Rf7 34. Bf1 Be6 35. Ba6 Nb6 36. Bxd6 Rd7 37. e5 Rf7 38. Bb5 h6 39. Rc3 g5 40. Be8 Rb7 41. Bc6 Rf7 42. f3 Nc4 43. Ba4 Nd2 44. Bc6 Nc4 45. Ba4 1/2-1/2

[Event "Canada Day op"]
[Site "Toronto CAN"]
[Date "2001.07.01"]
[Round "3"]
[White "Buscar, Michael"]
[Black "Nahutin, Yevgeni"]
[Result "1-0"]
[WhiteElo "2132"]
[BlackElo "2084"]
[PlyCount "67"]
[GameId "2160767911564428"]
[EventDate "2001.07.01"]
[EventType "swiss"]
[EventRounds "6"]
[EventCountry "CAN"]

1. d4 d5 2. c4 c6 3. Nf3 Nf6 4. Nc3 dxc4 5. e3 b5 6. a4 b4 7. Na2 a5 8. Bxc4 e6 9. O-O Ba6 10. Ne5 Bxc4 11. Nxc4 Be7 12. f3 O-O 13. e4 c5 14. Be3 Nbd7 15. Nc1 cxd4 16. Bxd4 Bc5 17. Nb3 Qc7 18. Rc1 Rfd8 19. Nxc5 Nxc5 20. e5 Ne8 21. Nd6 Nxd6 22. Rxc5 Qd7 23. Bf2 Nf5 24. Qxd7 Rxd7 25. Rfc1 g6 26. Kf1 Rd2 27. R1c2 Rad8 28. g4 Ne7 29. Bh4 Kf8 30. Rxd2 Rxd2 31. Rxa5 Rxb2 32. Ra8+ Kg7 33. Bxe7 Rxh2 34. Bf8+ 1-0

[Event "Canada Day op"]
[Site "Toronto CAN"]
[Date "2001.07.01"]
[Round "3"]
[White "Haziprodromu, Sam"]
[Black "Brajovic, Spasoje"]
[Result "1-0"]
[WhiteElo "2002"]
[BlackElo "2080"]
[PlyCount "41"]
[GameId "2160767911564430"]
[EventDate "2001.07.01"]
[EventType "swiss"]
[EventRounds "6"]
[EventCountry "CAN"]
[SourceTitle "EXT 2005"]
[Source "ChessBase"]
[SourceDate "2004.11.15"]
[SourceVersion "1"]
[SourceVersionDate "2004.11.15"]
[SourceQuality "1"]

1. e4 c5 2. d4 cxd4 3. c3 dxc3 4. Nxc3 Nc6 5. Nf3 d6 6. Bc4 e6 7. O-O Nf6 8. Qe2 a6 9. Rd1 Qc7 10. h3 Be7 11. Bf4 e5 12. Be3 O-O 13. Rac1 Bd7 14. Bb3 Qd8 15. Na4 h6 16. Nb6 Rb8 17. Nc4 Ne8 18. Bb6 Qc8 19. Ne3 Bd8 20. Nd5 Bxb6 21. Rxc6 1-0